000 00558nam a2200217Ia 4500
003 OSt
005 20230508150725.0
008 210423s2010 xx 000 0 und d
020 _a9789380108230
040 _cAL
041 _aeng
082 _a531.11 HAMI
_223
100 _aHAMILL (Patrick).
_999978
245 _aIntermediate dynamics.
260 _aNew Delhi
_bJones & Bartlett Publishers
_c2010
300 _axvi,723
_bPB
365 _b495
_cINR
650 _aClassical Mechanics
_999979
906 _adynamics. ; Intermediate
942 _2ddc
_cBK
999 _c162482
_d162482